000 00500nam a2200169Ia 4500
008 230917s9999||||xx |||||||||||||| ||und||
020 _cUSD144.95
040 _e239280
_aMAIN
041 _aEnglish
082 _a332.46 B264M
100 _aBarnett, William, ed.
245 0 _aMonetary policy in the financial crisis: New challenges and lessons
260 _aBingley
_bEmerald Publishing
_c2015
300 _axxi, 536 p.
500 _a2696 27/03/2017 IBS17/756 27/03/2017 Main Budget
942 _cBK
999 _c22245
_d22245